000 00763nas a2200241 4500
001 BR9511555
003 BR-BrBNA
005 20231205095607.0
007 ta
008 230509b bl.|||p| |||| 00| 00por d
040 _aBR-BrBNA
_bpor
_cBiblioteca Nacional de Agricultura
041 _a(Pt)
072 _aF02
100 1 _aMaldonado, J.F.M.
245 1 _aUtilizacao de porta-enxertos do genero Passiflora para maracujazeiro amarelo (Passiflora edulis SIMS f. flavicarpa DEG.)
650 _aMaracuja
650 _aPorta Enxerto
650 _aGarfagem
650 _aMuda
773 0 _tRevista Brasileira de Fruticultura (Brazil)
_xISSN 0100-2945
_g(1991), v. 13(2) p. 51-54
_wBR9511555
909 _a202311
_bLúcia
_c55
_dLúcia Elande
942 _2AGRIS
_n0
_cANA
999 _c151578
_d151578